| 000 | 00658nam a2200217 a 4500 | ||
|---|---|---|---|
| 999 |
_c5844 _d5844 |
||
| 001 | 1998 | ||
| 003 | BD-DhUAP | ||
| 005 | 20201221155217.0 | ||
| 008 | 201221s1988 nyua b 001 0 eng d | ||
| 020 | _a015571550X | ||
| 040 |
_aDLC _cDLC _dDLC _dBD-DhUAP _beng |
||
| 082 | 0 | 0 |
_a658.15 CUR _223 |
| 100 | _aCurran, Ward S. | ||
| 245 | 1 | 0 |
_aPrinciples of corporate finance / _cWard S. Curran. |
| 260 |
_aSan Diego : _bHarcourt Brace Jovanovich, _cc1988. |
||
| 300 |
_axix, 742 pages : _billustrations ; _c24 cm. |
||
| 504 | _aIncludes bibliographical references and index. | ||
| 650 | 0 |
_aCorporations _xFinance. _932557 |
|
| 942 | 0 | 0 |
_2ddc _cBK |